| 000 | 00529nam a2200181Ia 4500 | ||
|---|---|---|---|
| 001 | 5252 | ||
| 005 | 20260306145854.0 | ||
| 008 | 260306t1995||||xx |||||||||||||| ||spa|| | ||
| 041 | _aESP | ||
| 082 |
_a338.4791 _bO65 |
||
| 100 |
_aEspaña. Organización Mundial del Turismo. Instituto de Turismo Empresa y Sociedad. Universidad Politécnica de Valencia _eAUT |
||
| 245 | 0 | _aEducando educadores en turismo | |
| 260 | _c1995 | ||
| 300 |
_a347 páginas : _c30 cm. |
||
| 650 | _aGEN | ||
| 654 | _aCAN | ||
| 942 |
_cLIB _dJUS _fJUS _2ddc _n |
||
| 999 |
_c5252 _d5252 |
||